| 000 | 00512nam a2200181Ia 4500 | ||
|---|---|---|---|
| 999 |
_c29724 _d29724 |
||
| 003 | OSt | ||
| 005 | 20201223112214.0 | ||
| 008 | 190216s9999||||xx |||||||||||||| ||und|| | ||
| 020 | _a9798187474554 | ||
| 040 | _coclc | ||
| 082 |
_a894.8128 _bSRE/P |
||
| 100 |
_aSreenivasan _97796 |
||
| 245 | 0 |
_aPadachonte Thirakkathakal / _cSreenivasan |
|
| 260 |
_bOlive Publications, _c2008. _aKozhikode: |
||
| 300 | _a135p | ||
| 650 | _aPadanam | ||
| 942 |
_cBK _2ddc _h894.8128 _iSRE/P _k894.8128 _mSRE/P |
||